{"text_format":"3","workbook":"xlsx","n_sheets":1,"sheets":["Sheet1"],"read":"whole","date_system":"1900"}

{"sheet":"Sheet1","index":0,"n_rows":470,"n_cols":9,"rows_kept":470,"merged":[[0,0,1,0],[0,1,1,1],[0,2,1,2],[0,3,1,3],[0,4,1,4],[0,5,1,5],[0,6,1,6],[0,7,1,7],[0,8,1,8],[273,0,274,0],[273,1,274,1],[273,2,274,2],[273,3,274,3],[273,4,274,4],[273,5,274,5],[295,0,296,0],[295,1,296,1],[295,2,296,2],[295,4,296,4],[295,5,296,5],[299,0,300,0],[299,1,300,1],[299,2,300,2],[299,3,300,3],[299,4,300,4],[299,5,300,5],[431,0,432,0],[431,1,432,1],[431,3,432,3],[431,4,432,4],[431,5,432,5],[431,6,432,6],[469,0,469,2],[469,3,469,8]]}
["序号","名称","品牌型号","技术参数","数量","单位","单价（元）","金额（元）","备  注"]
[]
[1,"parafilm封口膜",996,"10cm*38m",1,"瓶",130,{"$f":"E3*G3","v":130}]
[2,"定性滤纸","奥克","直径15cm",5,"盒",25,{"$f":"E4*G4","v":125}]
[3,"接种针（挑针）","多文",null,20,"支",25,500]
[4,"医用口罩","丰弛","10个/包",10,"包",4.5,45]
[5,"手术刀","多文","10号（包含刀片）",15,"个",15,225]
[6,"不锈钢镊子","多文","16cm",15,"个",8,120]
[7,"一次性胶头滴管","多文","100支/包（5ml）",2,"盒",38,76]
[8,"锡箔纸","多文","30*10",5,"卷",10,50]
[9,"75%乙醇","康泰","500ml",5,"瓶",40,200]
[10,"一次性乳胶橡胶手套小号","诺创","25只/盒",5,"盒",65,325]
[11,"一次性乳胶橡胶手套中号","诺创","25只/盒",5,"盒",65,325]
[12,"不锈钢筛子","多文","直径20cm（筛网10目）",10,"个",35,350]
[13,"不锈钢筛子","多文","直径20cm （筛网400目）",10,"个",40,400]
[14,"不锈钢筛子","多文","直径20cm （不透底）",10,"个",75,750]
[15,"洗瓶","多文","500ml",7,"个",8,56]
[16,"pH试纸","三爱思","pH 1-14",1,"盒",33,33]
[17,"氧化钙","科密欧","500g",1,"瓶",48,48]
[18,"长药匙","多文","26cm长度",15,"个",5,75]
[19,"禾谷白粉菌装片闭囊壳","新乡求精","子囊菌门真菌形态观察",12,"个",10,120]
[20,"单丝壳白粉菌装片闭囊壳","新乡求精","子囊菌门真菌形态观察",12,"个",10,120]
[21,"针壳白粉菌装片闭囊壳","新乡求精","子囊菌门真菌形态观察",12,"个",10,120]
[22,"鹿角菌切片","新乡求精","子囊菌门真菌形态观察",12,"个",10,120]
[23,"子囊盘切片","新乡求精","子囊菌门真菌形态观察",12,"个",10,120]
[24,"桃缩叶病病原菌子囊及孢子永久装片","新乡求精","子囊菌菌门形态观察",12,"个",10,120]
[25,"甘薯黑斑病菌（长喙壳属）永久装片","新乡求精","子囊菌门真菌形态观察",12,"个",10,120]
[26,"玉蜀黍赤霉菌（赤霉属）永久装片","新乡求精","子囊菌门真菌形态观察",12,"个",10,120]
[27,"苹果腐烂病（黑腐皮壳属）永久装片","新乡求精","子囊菌门真菌形态观察",12,"个",10,120]
[28,"小麦全蚀病（顶囊壳属）子囊及子囊壳","新乡求精","子囊菌门真菌形态观察",12,"个",10,120]
[29,"麦角菌子囊及孢子永久装片","新乡求精","子囊菌门真菌形态观察",12,"个",10,120]
[30,"立枯丝核菌切片","新乡求精","半知菌门真菌形态观察",12,"个",10,120]
[31,"齐整小核菌切片","新乡求精","半知菌门真菌形态观察",12,"个",10,120]
[32,"稻梨孢装片","新乡求精","半知菌门真菌形态观察",12,"个",10,120]
[33,"玉蜀黍平脐蠕孢装片","新乡求精","半知菌门真菌形态观察",12,"个",10,120]
[34,"玉米大斑突脐蠕孢装片","新乡求精","半知菌门真菌形态观察",12,"个",10,120]
[35,"大丽轮枝菌装片","新乡求精","半知菌门真菌形态观察",12,"个",10,120]
[36,"芸薹链格孢装片","新乡求精","半知菌门真菌形态观察",12,"个",10,120]
[37,"球座尾孢切片","新乡求精","半知菌门真菌形态观察",12,"个",10,120]
[38,"灰葡萄孢切片","新乡求精","半知菌门真菌形态观察",12,"个",10,120]
[39,"粉红聚端孢装片","新乡求精","半知菌门真菌形态观察",12,"个",10,120]
[40,"褐孢霉装片","新乡求精","半知菌门真菌形态观察",12,"个",10,120]
[41,"尖孢镰刀菌装片","新乡求精","半知菌门真菌形态观察",12,"个",10,120]
[42,"胶孢炭疽菌切片","新乡求精","半知菌门真菌形态观察",12,"个",10,120]
[43,"葡萄痂圆孢切片","新乡求精","半知菌门真菌形态观察",12,"个",10,120]
[44,"梨壳囊孢切片","新乡求精","半知菌门真菌形态观察",12,"个",10,120]
[45,"芹菜生壳针孢切片","新乡求精","半知菌门真菌形态观察",12,"个",10,120]
[46,"高粱生壳二孢切片","新乡求精","半知菌门真菌形态观察",12,"个",10,120]
[47,"梨叶点霉装片","新乡求精","半知菌门真菌形态观察",12,"个",10,120]
[48,"梨壳囊孢切片","新乡求精","半知菌门真菌形态观察",12,"个",10,120]
[49,"葱叶枯病病原（球腔菌属）永久装片","新乡求精","半知菌门真菌形态观察",12,"个",10,120]
[50,"葱格腔孢菌（格孢腔菌属）永久装片","新乡求精","半知菌门真菌形态观察",12,"个",10,120]
[51,"梨黑星病（黑星孢属）永久装片","新乡求精","半知菌门真菌形态观察观察",12,"个",10,120]
[52,"苹果黑星病（黑星孢属）永久装片","新乡求精","半知菌门真菌形态观察",12,"个",10,120]
[53,"棉花炭疽病菌永久装片","新乡求精","半知菌门真菌形态观察",12,"个",10,120]
[54,"辣椒炭疽病永久装片","新乡求精","半知菌门真菌形态观察",12,"个",10,120]
[55,"大叶黄杨病（拟盘多毛孢属）永久装片","新乡求精","半知菌门真菌形态观察",12,"个",10,120]
[56,"甜菜蛇眼病分生孢子及孢子梗（茎点霉属）永久装片","新乡求精","半知菌门真菌形态观察",12,"个",10,120]
[57,"栀子花叶斑病（叶点霉属）分生孢子及孢子梗永久装片","新乡求精","半知菌门真菌形态观察",12,"个",10,120]
[58,"茄子褐纹病菌（拟茎点霉属）分生孢子器永久装片","新乡求精","半知菌门真菌形态观察",12,"个",10,120]
[59,"芹菜斑枯病菌（壳针孢属）分生孢子器永久装片永久装片","新乡求精","半知菌门真菌形态观察",12,"个",10,120]
[60,"棉花黑果病菌（色二孢属）分生孢子器永久装片","新乡求精","半知菌门真菌形态观察",12,"个",10,120]
[61,"蚕豆褐纹病菌（壳二孢属）永久装片","新乡求精","半知菌门真菌形态观察",12,"个",10,120]
[62,"豆类锈菌切片","新乡求精","担子菌门真菌形态观察",12,"个",10,120]
[63,"禾柄锈菌切片","新乡求精","担子菌门真菌形态观察",12,"个",10,120]
[64,"禾叶锈菌切片","新乡求精","担子菌门真菌形态观察",12,"个",10,120]
[65,"禾条锈菌切片","新乡求精","担子菌门真菌形态观察",12,"个",10,120]
[66,"梨胶锈菌装片","新乡求精","担子菌门真菌形态观察",12,"个",10,{"$f":"E68*G68","v":120}]
[67,"蔷薇多胞锈菌切片","新乡求精","担子菌门真菌形态观察",12,"个",10,120]
[68,"亚麻锈菌切片","新乡求精","担子菌门真菌形态观察",12,"个",10,120]
[69,"花椒鞘锈菌切片","新乡求精","担子菌门真菌形态观察",12,"个",10,120]
[70,"松枥锈菌切片","新乡求精","担子菌门真菌形态观察",12,"个",10,120]
[71,"枣层锈菌切片","新乡求精","担子菌门真菌形态观察",12,"个",10,120]
[72,"小麦散黑粉病装片","新乡求精","担子菌门真菌形态观察",12,"个",10,120]
[73,"小麦条黑粉病切片","新乡求精","担子菌门真菌形态观察",12,"个",10,120]
[74,"小麦腥黑穗菌装片","新乡求精","担子菌门真菌形态观察",12,"个",10,120]
[75,"稻粒黑粉病装片","新乡求精","担子菌门真菌形态观察",12,"个",10,120]
[76,"玉蜀黍黑粉病装片","新乡求精","担子菌门真菌形态观察",12,"个",10,120]
[77,"丝轴黑粉病装片","新乡求精","担子菌门真菌形态观察",12,"个",10,120]
[78,"高粱坚粒黑粉病装片","新乡求精","担子菌门真菌形态观察",12,"个",10,120]
[79,"高粱散粒黑粉病装片","新乡求精","担子菌门真菌形态观察",12,"个",10,120]
[80,"高粱团黑粉病装片","新乡求精","担子菌门真菌形态观察",12,"个",10,120]
[81,"白粉菌吸器永久装片","新乡求精","真菌一般形态",12,"个",10,120]
[82,"霜霉菌吸器永久装片","新乡求精","真菌一般形态",12,"个",10,120]
[83,"锈菌吸器永久装片","新乡求精","真菌一般形态",12,"个",10,120]
[84,"子座装片永久装片","新乡求精","真菌一般形态",12,"个",10,120]
[85,"菌索装片永久装片","新乡求精","真菌一般形态",12,"个",10,120]
[86,"锈菌附着胞永久装片","新乡求精","真菌一般形态",12,"个",10,120]
[87,"稻瘟菌附着胞永久装片","新乡求精","真菌一般形态",12,"个",10,120]
[88,"游动孢子囊","新乡求精","真菌的繁殖结构",12,"个",10,120]
[89,"休眠孢子囊","新乡求精","真菌的繁殖结构",12,"个",10,120]
[90,"厚垣孢子永久装片","新乡求精","真菌的繁殖结构",12,"个",10,120]
[91,"分生孢子发育内生芽殖型型","新乡求精","真菌的繁殖结构",12,"个",10,120]
[92,"外生芽殖型永久装片","新乡求精","真菌的繁殖结构",12,"个",10,120]
[93,"内生菌丝型永久装片","新乡求精","真菌的繁殖结构",12,"个",10,120]
[94,"外生菌丝型永久装片","新乡求精","真菌的繁殖结构",12,"个",10,120]
[95,"卵菌纲藏卵器永久装片","新乡求精","真菌的繁殖结构",12,"个",10,120]
[96,"接合孢子永久装片","新乡求精","真菌的繁殖结构",12,"个",10,120]
[97,"铁架台","多文",null,5,"个",25,125]
[98,"筛子   ","多文","10目、60目、100目",1,"组",51,51]
[99,"洗瓶   ","多文","500ml",5,"个",8,40]
[100,"试剂瓶  ","蜀牛","1L",5,"个",12,60]
[101,"棕色玻璃滴瓶 50ml 配胶头  ","华欧",null,15,"个",7,105]
[102,"土壤铝盒              ","多文","40mm*25mm",30,"个",2,60]
[103,"离心管","爱赛尔","15mL，50个/包",4,"包",50,200]
[104,"离心管","爱赛尔","50mL,20个/包",3,"包",60,180]
[105,"漏斗   ","多文","直径6cm以上 ，塑料",50,"个",4.5,225]
[106,"扩散皿  带毛玻璃     ","多文",null,30,"个",11,330]
[107,"白塑料瓶    ","多文","150ml",50,"个",2,100]
[108,"容量瓶","博美","25ml",25,"个",4,100]
[109,"容量瓶","博美","50ml",25,"个",5,125]
[110,"定量滤纸   ","双圈","15cm",10,"盒",45,450]
[111,"比色皿   ","多文"," 1盒（10个）（1cm）",1,"盒",70,70]
[112,"耐酸手套","多文",null,3,"付",28,84]
[113,"一次性医用手套","麦迪康","50付/包",3,"包",26,78]
[114,"胶头滴管","多文",null,40,"个",2,80]
[115,"擦镜纸","皎洁","10*15cm",10,"本",4,40]
[116,"注射器","鹤寿","5ml",25,"个",1.5,37.5]
[117,"注射器","鹤寿","10ml",25,"个",2.1,52.5]
[118,"酸式滴定管","博美","25ml",5,"个",33,165]
[119,"称量纸","多文","150mm*150mm",2,"包",9,18]
[120,"试管刷","多文",null,20,"个",1.5,30]
[121,"碳酸氢钠","科密欧","500g/AR",2,"瓶",14.5,29]
[122,"氯化钙","科密欧","500g/AR",5,"瓶",14.1,70.5]
[123,"离心管架","多文","放置50ml离心管",5,"个",25,125]
[124,"氯化亚锡","科密欧","500g/AR",1,"瓶",160.5,160.5]
[125,"硫酸钾","科密欧","500g/AR",1,"瓶",28,28]
[126,"无磷活性炭","牛特","500g/AR",1,"袋",200,200]
[127,"乙二胺四乙酸二钠","科密欧","500g/AR",3,"瓶",18,54]
[128,"氯化铵","科密欧","500g/AR",1,"瓶",15,15]
[129,"硫酸铵","科密欧","500g/AR",1,"瓶",15,15]
[130,"氯化钾","科密欧","500g/AR",1,"瓶",36,{"$f":"E132*G132","v":36}]
[131,"四苯硼钠","阿拉丁","25g/AR",4,"瓶",110,440]
[132,"亚硝酸钴钠","科密欧","25g/AR",1,"瓶",160,160]
[133,"邻啡罗啉指示剂","科密欧","5g/AR",1,"瓶",15,15]
[134,"抗坏血酸","科密欧","25g/AR",1,"瓶",21,21]
[135,"凡士林","科密欧","500g瓶/AR",1,"瓶",18,18]
[136,"冰醋酸","科密欧","500ml/AR",1,"瓶",42,42]
[137,"二甲基硅油","科密欧","500ml/AR",10,"瓶",81,810]
[138,"试管","多文","15*150mm",110,"个",3,330]
[139,"革兰氏染色液套装","贝索","20ml*4瓶",20,"盒",38,760]
[140,"香柏油","上海标本厂","25mL",10,"瓶",15,150]
[141,"一次性平皿","多文","90*90mm",2,"箱",480,960]
[142,"血球计数板","上海求精","常规",10,"个",25,250]
[143,"载玻片盖玻片套装","玻片盒","标准尺寸76*25mm",5,"套",40,200]
[144,"接种环+接种棒","多文","常规",50,"套",16,800]
[145,"涂布棒","宏博莱","塑料一次性",10,"包",28,280]
[146,"实验室封口膜",996,"10cm*38m",1,"盒",298,298]
[147,"无灰定量滤纸","郑州英伦","110mm",1,"盒",150,150]
[148,"耐高温组培封口膜","比克曼","14*14cm",2,"盒",120,240]
[149,"MRS琼脂培养基","广州环凯","250g",2,"瓶",250,500]
[150,"MRS液体培养基","广州环凯","250g",2,"瓶",180,360]
[151,"LB琼脂培养基","广州环凯","250g",2,"瓶",120,240]
[152,"LB琼脂培养基","广州环凯","250g",2,"瓶",100,200]
[153,"显微镜擦镜纸","皎洁","常规",8,"本",4,32]
[154,"三角瓶","蜀牛","2000mL",5,"个",56,280]
[155,"烧杯","环球","2000mL",2,"个",53,106]
[156,"烧杯","环球","200mL",20,"个",5,100]
[157,"人字带","多文","1.5cm*50m",1,"卷",15,15]
[158,"双面刀片","犀牛","5片/盒",20,"盒",6,120]
[159,"游丝镊","海鸥","尖头、不锈钢",40,"个",8,320]
[160,"酒精湿巾","德佑","75%酒精湿巾80片/包",8,"包",15,120]
[161,"苏丹Ⅲ溶液","广州广检","100ml",20,"ml",45,900]
[162,"镊子","多文","14直头镊子",10,"个",8.5,85]
[163,"镊子","多文","12.5直头镊子",20,"个",8.5,170]
[164,"镊子","多文","16直头镊子",10,"个",8.5,85]
[165,"解剖针","多文",13.5,40,"个",2,80]
[166,"培养皿","多文","高硼硅玻璃",50,"套",6,300]
[167,"吸水纸","奥克","5*10cm10盒",10,"10盒",25,250]
[168,"擦镜纸","皎洁","5本装",10,"本",30,300]
[169,"洋葱（或水仙）根尖纵切片","维克科教","根纵切",25,"个",8,200]
[170,"洋葱根尖纵切片有丝分裂","维克科教","50片",1,"盒",300,300]
[171,"洋葱根尖横切片","维克科教","1片永久切片",15,"个",3.5,52.5]
[172,"“上”字制片","维克科教","1片永久切片",15,"个",7,105]
[173,"胞间连丝切片","维克科教","1片永久切片",15,null,3.5,52.5]
[174,"茎尖纵切（顶芽纵切）","维克科教","1片永久切片",15,"个",7,105]
[175,"单子叶植物茎横切","维克科教","1片永久切片",15,"个",7,105]
[176,"向日葵茎横切","维克科教","1片永久切片",15,null,7,105]
[177,"椴树茎横切","维克科教","1片永久切片",15,null,7,105]
[178,"女贞叶横切","维克科教","1片永久切片",15,null,7,105]
[179,"黑藻茎","维克科教","1片永久切片",15,null,7,105]
[180,"马铃薯块茎","维克科教","1片永久切片",15,null,7,105]
[181,"蚕豆幼根（根毛）","维克科教","1片永久切片",15,null,8,120]
[182,"蚕豆叶表皮、","维克科教","1片永久切片",15,null,8,120]
[183,"玉米（或小麦）叶表皮","维克科教","1片永久切片",15,null,8,120]
[184,"洋葱鳞片叶表皮","维克科教","1片永久切片",15,null,8,120]
[185,"接骨木周皮与皮孔","维克科教","1片永久切片",15,null,8,120]
[186,"芹菜叶柄横切","维克科教","1片永久切片",15,null,8,120]
[187,"梨果制片","维克科教","1片永久切片",15,null,8,120]
[188,"南瓜茎纵切","维克科教","1片永久切片",15,null,8,120]
[189,"各种木材离析材料","维克科教","1片永久切片",15,null,10,150]
[190,"甘草蕨根茎纵切","维克科教","1片永久切片",15,null,10,150]
[191,"松茎横切","维克科教","1片永久切片",15,null,10,150]
[192,"小麦或玉米茎横切","维克科教","1片永久切片",15,null,10,150]
[193,"苹果根横切片","维克科教","1片永久切片",15,null,10,150]
[194,"毛茛幼根横切片","维克科教","1片永久切片",15,null,10,{"$f":"E196*G196","v":150}]
[195,"蚕豆幼根横切片","维克科教","1片永久切片",15,null,10,150]
[196,"蚕豆老根横切片，","维克科教","1片永久切片",15,null,10,150]
[197,"玉米根横切片","维克科教","1片永久切片",15,null,5,75]
[198,"蚕豆根横切片展示侧根发生","维克科教","1片永久切片",15,null,10,150]
[199,"根瘤切片","维克科教","1片永久切片",15,null,10,150]
[200,"苜蓿茎横切片、","新乡求精","1片永久切片",15,null,10,150]
[201,"木材三切面制片（松茎）","新乡求精","1片永久切片",15,null,{"v":17,"d":"17.00"},255]
[202,"茶树叶横切","维克科教","1片永久切片",15,null,10,150]
[203,"玉米叶横切","维克科教","1片永久切片",15,null,10,150]
[204,"小麦叶横切","维克科教","1片永久切片",15,null,10,150]
[205,"松针叶横切","维克科教","1片永久切片",15,null,10,150]
[206,"迎春叶横切","维克科教","1片永久切片",15,null,10,150]
[207,"眼子菜叶横切","维克科教","1片永久切片",15,null,10,150]
[208,"叶柄纵切片","维克科教","1片永久切片",15,null,10,150]
[209,"百合幼嫩花药横切","维克科教","1片永久切片",15,null,6,90]
[210,"百合成熟花药横切","维克科教","1片永久切片",15,null,6,90]
[211,"不同发育时期的百合子房横切","维克科教","1片永久切片",15,null,6,90]
[212,"不同发育时期的荠菜幼胚纵切","维克科教","1片永久切片",15,null,8,120]
[213,"荠菜成熟胚纵切、","维克科教","1片永久切片",15,null,8,120]
[214,"小麦幼胚纵切","维克科教","1片永久切片",15,null,8,120]
[215,"小麦成熟胚纵切","维克科教","1片永久切片",15,null,8,120]
[216,"玉米成熟胚纵切","维克科教","1片永久切片",15,null,8,120]
[217,"松幼雌球果纵切片","维克科教","1片永久切片",15,null,10,150]
[218,"松幼雄球果纵切片","维克科教","1片永久切片",15,null,10,150]
[219,"铁树叶横切片","维克科教","1片永久切片",15,null,10,150]
[220,"蒸馏水","固远","瓶",40,null,8,320]
[221,"玻璃滴管","多文","9cm10个",2,null,10,20]
[222,"玻璃滴管","多文","15cm,10个",2,null,18,36]
[223,"烧杯","环球","5+10+25+50+100ml套装",10,null,30,300]
[224,"手套","桂龙","塞莫诗一次性丁腈检查手套100只加厚型",2,null,40,80]
[225,"收纳盒",null,"50片专用",50,null,30,1500]
[226,"烧杯、量筒刷","多文","25-50-100-250-500-1000ml套装",5,null,30,150]
[227,"植物果实种子标本（瓜果）","新乡远航教学","27*22*4.5",1,"套",230,230]
[228,"植物果实种子标本（花卉）","新乡远航教学","27*22*4.5",1,"套",230,230]
[229,"植物果实种子标本（蔬菜）","新乡远航教学","27*22*4.5",1,"套",230,230]
[230,"植物果实种子标本（果实分类）","新乡远航教学","27*22*4.5",1,"套",230,230]
[231,"植物果实种子标本（种子传播）","新乡远航教学","27*22*4.5",1,"套",230,230]
[232,"植物果实种子标本（种子萌发）","新乡远航教学","27*22*4.5",1,"套",230,230]
[233,"植物果实种子标本（种子结构）","新乡远航教学","27*22*4.5",1,"套",350,350]
[234,"种子标本（蔬菜类24种）","河南雨林","透明塑料瓶",1,"套",180,180]
[235,"种子标本（水果类12种）","河南雨林","透明塑料瓶",1,"套",180,180]
[236,"种子标本（花草类12种）","河南雨林","透明塑料瓶",1,"套",180,180]
[237,"种子标本（豆子类24种）","河南雨林","透明塑料瓶",1,"套",180,180]
[238,"样品盒（铝盒）","多文","55*35mm",30,"个",2,60]
[239,"干燥器","多文","210mm（非真空）",6,"个",120,720]
[240,"发芽盒","河南雨林","13*19*12 ABS材质",10,"套",25,250]
[241,"发芽纸","河南雨林","13*19",1,"包",180,180]
[242,"1%刚果红染液","广州广检","1%100mL",1,"瓶",50,50]
[243,"游标卡尺（加大数显屏）","美耐特","0-150mm",2,"个",70,140]
[244,"不锈钢镊子","多文","不锈钢 三件套ST-10、13、15",4,"套",10,40]
[245,"施可丰生根粉","施可丰","生根粉500g+生根液500ml",2,"套",39,78]
[246,"国光萘乙酸","国光","25g",1,"瓶",8,8]
[247,"兰月吲哚丁酸","兰月","10g",1,"瓶",5,5]
[248,"国光乙烯利","国光","100g",1,"瓶",8,8]
[249,"赤霉素920","粮灿旺","20ml",1,"瓶",10,10]
[250,"乙醇","科密欧","500ml",12,"瓶",32,384]
[251,"一次性乳胶手套","桂龙","100个/包",5,"包",32,160]
[252,"乙二胺四乙酸二钠盐(Na2EDTA)","麦克林","E939285-500g",1,"瓶",118,118]
[253,"磷酸二氢胺（NH4H2PO4）","科密欧",null,1,"瓶",25,25]
[254,"95%乙醇","科密欧","2500毫升/ 桶医用",3,"桶",59,177]
[255,"醋酸","科密欧","500ml分析纯",4,"瓶",45,180]
[256,"塑料离心管（带刻度）","多文","10ml",1,"100支/袋",20,20]
[257,"定性滤纸","奥克","直径12cm",5,"盒",32,160]
[258,"定性滤纸","奥克","直径15cm",5,"盒",40,{"$f":"E260*G260","v":200}]
[259,"不锈钢手术剪刀","多文","16cm",4,"把",28,112]
[260,"安琪酵母","安琪","500g",1,"包",40,40]
[261,"一次性乳胶橡胶手套小号","诺创","25只/盒",2,"盒",56,112]
[262,"蒽酮","科密欧","25g",1,"瓶",160,160]
[263,"一次性乳胶橡胶手套中号","诺创","25只/盒",2,"盒",70,140]
[264,"一次性塑料滴管","多文","3ml",10,"100/袋",25,250]
[265,"氢氧化钙","阿拉丁","500g分析纯",1,"瓶",45,45]
[266,"偏磷酸","科密欧","500g分析纯",1,"瓶",156,156]
[267,"薄层层析硅胶板","青岛海洋","50/盒",3,"盒",56,168]
[268,"牛血清白蛋白","源叶","25g",1,"瓶",100,100]
[269,"外科医用口罩","丰弛","10个/ 包",5,"包",50,250]
[270,"聚丙烯塑料筒袋","多文","长70cm*宽40cm",200,"个",0.4,80]
[271,"防酸手套","多文","中长、优质",20,"付",15,300]
[272,"酒精（分析纯）","康泰255-001-500ml塑料瓶","E809061-500ml",10,"瓶",30,300]
[{"$nulls":7},0]
[274,"食品手套","玉手","PC材质、优质",6,"包（20）",40,240]
[275,"石膏粉","麦克林","C804293-500g",2,"斤",49,98]
[276,"玻璃毛细滴管","多文","0.1*100mm",1,"盒",40,40]
[277,"胶头滴管","多文","2ml",10,"个",6,60]
[278,"甲基蓝","科密欧","25g",1,"瓶",30,30]
[279,"蔗糖","科密欧","500g",1,"瓶",25,25]
[280,"吸水纸","奥克","2.5*8cm",5,"盒",15,75]
[281,"乙醇","科密欧",{"v":0.95,"d":"95%"},10,"瓶",25,250]
[282,"棕色广口试剂瓶","多文","500ml",30,"个",18,540]
[283,"氯化三苯基四氮唑（TTC）","麦克林","5g",5,"瓶",63,315]
[284,"定性滤纸","奥克","9cm",5,"盒",7,35]
[285,"磺基水杨酸","阿拉丁","500g",40,"瓶",80,3200]
[286,"茚三酮试剂","广州环凯","10ml",2,"瓶",50,100]
[287,"实验手套","诺创","一次性",4,"盒",20,80]
[288,"废液收集桶","多文","20L",2,"桶",50,100]
[289,"L-脯氨酸","飞净","10g",1,"瓶",50,50]
[290,"人造沸石","麦克林","250g",2,"瓶",50,100]
[291,"洗耳球","北京华辰","中号  ",30,"个",3,90]
[292,"标签纸","多文","37*30mm",10,"卷",4,40]
[293,"吲哚丁酸(IBA)","阿拉丁","25g",4,"瓶",70,280]
[294,"萘乙酸（NAA）","科密欧","50g",2,"瓶",35,70]
[{"$nulls":3},"g",{"$nulls":3},0]
[295,"刻度试管","多文","20ml",10,"个",20,200]
[296,"2-甲氧基酚","阿拉丁","100g",1,"瓶",30,30]
[297,"磷酸二氢钠","科密欧","500g",1,"瓶",50,50]
[{"$nulls":7},0]
[298,"无水磷酸氢二钠","科密欧","100g",1,"瓶",50,50]
[299,"次硫酸钠（Na2S2O4）","阿拉丁","500g",1,"瓶",60,60]
[300,"琥珀酸","阿拉丁","500g",1,"瓶",70,70]
[301,"愈创木酚","阿拉丁","100g",1,"瓶",38,38]
[302,"植物基因组DNA提取试剂盒（DP305）","天根","50次",1,"盒",430,430]
[303,"液氮","联谊",null,50,"升",12,600]
[304,"琼脂糖","Biowest","100克",1,"盒",256,256]
[305,"EB替代物GoldViewTM","YEASEN","1 ml",1,"支",180,180]
[306,"上样缓冲液","索莱宝","1支",1,"支",200,200]
[307,"1.5ml离心管","多文","1.5ml",5,"包",40,200]
[308,"5ml离心管","多文","5ml",5,"包",50,250]
[309,"0.5ml/1.5ml/2ml 离心管架","多文",null,5,"个",10,50]
[310,"PCR管","爱思进","0.2ml",1,"盒",250,250]
[311,"引物合成：植物引物PL-F: 5′-CGAAATCGGTAGACGCTACG-3’","生工","2个OD",20,"碱基",2.8,56]
[312,"引物合成：植物引物PL-R: 5′-GGGGATAGAGGGACTTGAAC-3’","生工","2个OD",20,"碱基",2.8,56]
[313,"500bp DNA Marker","鼎国","50T",1,"支",150,150]
[314,"2 kb DNA Marker","鼎国","50T",1,"支",200,200]
[315,"Premix Taq™ (Ex Taq™ Version 2.0)","Takara","DRR003A",2,"包",300,600]
[316,"医用口罩","丰弛","10个/包",10,"包",4,40]
[317,"冰乙酸","科密欧","500ml",2,"瓶",38,76]
[318,"EDTA","科密欧","250g",2,"瓶",38,76]
[319,"CoCl2·6H2O","科密欧","100g",1,"瓶",50,50]
[320,"乙二胺四乙酸钠(Na2-EDTA)","科密欧","100g",1,"瓶",28,{"$f":"E324*G324","v":28}]
[321,"盐酸吡哆醇","阿拉丁","5g",1,"瓶",600,600]
[322,"PH试纸","三爱思",null,2,"本",9,18]
[323,"耐高温组培无菌培养封口膜","比克曼","12cm×12cm 500张/包",1,"包",210,210]
[324,"一次性PE手套","玉手","200只/盒",5,"盒",48,240]
[325,"有机磷和氨基甲酸酯类农药速测卡","智云达","20片/盒",20,"盒",25,500]
[326,"黄曲霉素B1快速检测卡","智云达","片",40,"片",25,1000]
[327,"密度计","多文","0-70",5,null,15,75]
[328,"亚铁氰化钾","科密欧","500g",1,"瓶",80,80]
[329,"乙酸锌","科密欧","500g",1,"瓶",30,30]
[330,"十水合四硼酸钠（硼砂）","西陇科学","10g",1,"瓶",22,22]
[331,"盐酸萘乙二胺","科密欧","10g",1,"瓶",85,85]
[332,"碳酸钾","科密欧","500g",1,"瓶",50,50]
[333,"盐酸硫胺","阿拉丁","25g",1,"瓶",60,60]
[334,"组培瓶","莱钡特","200ml",20,"个",1.5,30]
[335,"次甲基蓝","科密欧","25g",1,"瓶",25,25]
[336,"甘油","科密欧","500ml",1,"瓶",30,30]
[337,"甲基红","科密欧","25g",1,"瓶",50,50]
[338,"四氯汞钠吸收液","国家标准物质中心","100ML",5,"瓶",300,1500]
[339,"乙酸锌","科密欧","500g",1,"瓶",30,30]
[340,"滤纸","奥克","11cm",8,"盒",15,120]
[341,"无水磷酸氢二钾","科密欧","500g",1,"瓶",80,80]
[342,"滴管","多文","3ml,塑料滴管",1,"包",10,10]
[343,"医用口罩","丰弛","10个/包",3,"包",10,30]
[344,"塑胶手套","玉手","M",5,"包",18,90]
[345,"塑胶手套","玉手","S",5,"包",18,90]
[346,"蒸馏瓶","多文","500ml",1,"瓶",30,30]
[347,"烧杯","环球","25 ml",4,"个",3,12]
[348,"烧杯","环球","50 ml",4,"个",3,12]
[349,"烧杯","环球","100 ml",4,"个",3,12]
[350,"无水碳酸钠","科密欧","500ml",1,"瓶",15,15]
[351,"方格坐标纸","多文","A4，50张",1,"包",15,15]
[352,"乙酸乙酯标准液","坛墨","0.1mol/L",1,"瓶",80,80]
[353,"氨基磺酸铵","阿拉丁","500g",1,"瓶",100,100]
[354,"盐酸玫瑰苯胺（碱性品红）","阿拉丁","25g",1,"瓶",200,200]
[355,"玻璃珠","多文","6mm",1,"袋",40,40]
[356,"温度计","多文","0-100度",5,"根",5,25]
[357,"纳氏比色管","多文","10ml",20,"个",5,100]
[358,"带塞比色管","多文","50ml",20,"个",6,120]
[359,"扩散皿（标准型）","多文","总直径61mm",10,"个",20,200]
[360,"微量滴定管","博美","最小分度0.01ml",4,"个",110,440]
[361,"碘量瓶","蜀牛","250ml",4,"个",20,80]
[362,"酸式滴定管","博美","25ml",4,"个",40,160]
[363,"试管夹","多文",null,20,"个",3,60]
[364,"铁架台","多文","标准",4,"个",32,128]
[365,"电热套","力辰科技","500ml",4,"个",240,960]
[366,"移液管","博美","0.1ml",2,"个",4,8]
[367,"移液管","博美","0.5ml",2,"个",4,8]
[368,"移液管","博美","1.0ml",2,"个",4,8]
[369,"刻度滴管","多文","5ml",10,"个",4,40]
[370,"移液管","博美","5.0ml",2,"个",4,8]
[371,"洗瓶","多文",null,8,"个",4,32]
[372,"干燥器","多文","300mm",1,"台",270,270]
[373,"棕色磨砂细口瓶","多文","30ml",8,"个",5,40]
[374,"棕色瓶","多文","1000ml蜀牛丝口玻璃",8,"个",20,160]
[375,"塑料砧板","多文",null,4,"个",15,60]
[376,"质粒DNA提取试剂盒","碧云天","DV801A",1,"50次",480,480]
[377,"DNA片段纯化试剂盒（用于PCR产物纯化）","Takara","DV807A",1,"50次",530,530]
[378,"E.coli JM109 Competent Cells","angyu",9052,1,"包",390,390]
[379,"2 kb DNA Marker","鼎国","50T",1,"支",200,200]
[380,"Premix Taq™ (Ex Taq™ Version 2.0)","Takara","DRR003A",2,"包",295,590]
[381,"EB替代物GoldViewTM","YEASEN","1 ml",1,"支",170,170]
[382,"500bp DNA Marker","鼎国","50T",1,"支",150,150]
[383,"pUC18（MCV001）","索莱宝","1支",1,"支",120,120]
[384,"琼脂糖","Biowest","100克",1,"盒",250,{"$f":"E388*G388","v":250}]
[385,"上样缓冲液","索莱宝","1支",1,"支",200,200]
[386,"引物合成：植物引物PL-F: 5′-CGAAATCGGTAGACGCTACG-3’","生工","2个OD",20,"碱基",2.8,56]
[387,"引物合成：植物引物PL-R: 5′-GGGGATAGAGGGACTTGAAC-3’","生工","2个OD",20,"碱基",2.8,56]
[388,"限制性内切酶HindⅢ","碧云天","D6389-2000U",1,"支",200,200]
[389,"限制性内切酶XbaI","碧云天","D6713-1500U",1,"支",200,200]
[390,"一次性塑料细菌培养皿","多文","直径9厘米",10,"10套/包",3.3,33]
[391,"PCR管","爱思进","0.2ml",1,"盒",250,250]
[392,"TaKaRa 植物Genomic DNA Extraction Kit 植物基因组提取试剂盒","Takara","植物Genomic DNA Extraction Kit",1,"盒",850,850]
[393,"定性滤纸","双圈","直径15cm",5,"盒",30,150]
[394,"一次性PE手套","玉手","200只/盒",5,"盒",48,240]
[395,"耐高温组培无菌培养封口膜","比克曼","12cm× 12cm   500张/包",1,"包",210,210]
[396,"50ml离心管（螺口尖底离心管）","多文","50支",50,"包",22,1100]
[397,"锡箔纸","多文","30*10",5,"卷",10,50]
[398,"Parafilm 封口膜",996,"Parafilm",2,"包",148,296]
[399,"液氮","联谊",null,50,"升",12,600]
[400,"芦丁标准品","坛墨","10mg",1,"瓶",280,280]
[401,"一次性PE手套","玉手","200只/盒",5,"盒",48,240]
[402,"耐高温组培无菌培养封口膜","比克曼","12cm× 12cm   500张/包",1,"包",210,210]
[403,"50ml离心管（螺口尖底离心管）","多文","50支",50,"包",25,1250]
[404,"10ml离心管","多文","200支",200,"支",0.3,60]
[405,"PE自封袋","多文","8丝:5号；10*15cm",10,"包（100个）",20,200]
[406,"PE自封袋","多文","8丝:8号；17*25cm",10,"包（100个）",30,300]
[407,"PE自封袋","多文","8丝:9号：20*28cm",10,"包（100个）",40,400]
[408,"蝗虫（雌虫）浸制标本","新乡求精","7~10cm",30,"个",6,180]
[409,"展翅版","新乡求精","350*100*30mm",20,"个",7,140]
[410,"昆虫标本制作三级台","新乡求精","大号",6,"个",5,30]
[411,"蝗虫马氏管装片","维克科教",null,3,"个",7,21]
[412,"蝴蝶触角装片","维克科教",null,3,"个",5,15]
[413,"家蝇口器装片","维克科教",null,3,"个",5,15]
[414,"蚊子口器装片","维克科教",null,3,"个",5,15]
[415,"蝴蝶口器装片","维克科教",null,3,"个",5,15]
[416,"蝗虫口器装片","维克科教",null,3,"个",5,15]
[417,"蜜蜂口器装片","维克科教",null,3,"个",5,15]
[418,"蜜蜂前后足装片","维克科教",null,3,"个",5,15]
[419,"蜜蜂触角装片","维克科教",null,3,"个",5,15]
[420,"金龟子触角装片","维克科教",null,3,"个",5,15]
[421,"昆虫游泳足装片","维克科教",null,3,"个",5,15]
[422,"昆虫挖掘足装片","维克科教",null,3,"个",5,15]
[423,"昆虫步行足装片","维克科教",null,3,"个",5,15]
[424,"昆虫跳跃足装片","维克科教",null,3,"个",5,15]
[425,"昆虫携粉足装片","维克科教",null,3,"个",5,15]
[426,"斜纹夜蛾成虫展翅标本","新乡求精",null,1,"盒",90,90]
[427,"药匙","多文","大号单头20cm",15,"把",3,45]
[428,"PH试纸","新星",null,10,"本",1.5,15]
[{"$nulls":7},0]
[429,"6-苄基嘌呤（6-BA）","麦克林",null,2,"瓶",125,250]
[430,"氯化钙","麦克林",null,10,"瓶",34,340]
[431,"CoCl2·6H2O","麦克林",null,2,"瓶",140,280]
[432,"Na2-EDTA","麦克林",null,2,"瓶",60,120]
[433,"盐酸硫胺素","麦克林",null,2,"瓶",40,80]
[434,"盐酸吡哆醇（VB6）","山东齐鲁生物",null,2,"瓶",148,296]
[435,"滤纸","双圈","12.5cm",50,"张",17,850]
[436,"解剖刀","多文",null,20,"把",20,400]
[437,"镊子","多文",null,20,"把",10,200]
[438,"枪型镊子","多文",null,20,"把",10,200]
[439,"长镊子","多文",null,20,"把",2,40]
[440,"封口膜",996,null,3,"盒",148,444]
[441,"紫外灯","齐威",null,1,"台",330,330]
[442,"试剂瓶","蜀牛","1000ml",30,"个",13,390]
[443,"移液枪枪头","白鲨","20μl",10,"盒",30,300]
[444,"移液枪枪头","白鲨","200μl",10,"盒",20,200]
[445,"移液枪枪头","白鲨","1ml",10,"盒",40,400]
[446,"移液枪枪头","白鲨","5ml",5,"盒",110,550]
[447,"烧杯","蜀牛","200ml",15,"个",6,{"$f":"E452*G452","v":90}]
[448,"烧杯","蜀牛","100ml",30,"个",5,150]
[449,"烧杯","蜀牛","25ml",30,"个",5,150]
[450,"电磁炉","荣事达","荣事达",1,"台",780,780]
[451,"酒精棉","多文",null,10,"台",15,150]
[452,"滴管","多文","5ml",10,"包",30,300]
[453,"绳子（捆三角瓶口）","多文",null,5,"包",16,80]
[454,"广口瓶","多文","100ml",80,"个",10,800]
[455,"广口瓶","多文","200ml",80,"个",12,960]
[456,"穴盘72孔","多文",null,50,"个",7,350]
[457,"喷壶（大）","多文","500ml",5,"个",8,40]
[458,"带盖培养瓶","多文","500ml",100,"个",20,2000]
[459,"甘露醇","西陇科学","100g",4,"瓶",12,48]
[460,"无水硫酸钠","天津致远","500g",1,"瓶",12,12]
[461,"钼酸铵四水合物（6MO7O24·4H2O）","国药","A836028-500g",1,"瓶",300,300]
[462,"酸式半微量滴定管      ","多文","10ml",4,"个",30,120]
[463,"碱式半微量滴定管      ","多文","10ml",2,"个",50,100]
[464,"钠氏试剂","比克曼","100ml/AR",1,"瓶",50,50]
["报价总金额",null,null,"人民币大写：捌万伍仟柒佰伍拾元整\n小写：85750.00元"]